Reasoning -II (Record no. 183107)

MARC details
000 -LEADER
fixed length control field 00688 a2200217 4500
005 - DATE AND TIME OF LATEST TRANSACTION
control field 20211216145315.0
010 ## - LCCN (DPL NO)
LC control number ENG-130376
020 ## - INTERNATIONAL STANDARD BOOK NUMBER
Terms of availability 217.00
International Standard Book Number 978-93-82829-85-0
035 ## - SYSTEM CONTROL NUMBER
System control number EN-113908
037 ## - SOURCE OF ACQUISITION
Source of stock number/acquisition DBAD / PUB
082 ## - DEWEY DECIMAL CLASSIFICATION NUMBER
Classification number 000
100 ## - MAIN ENTRY--PERSONAL NAME
Personal name Fayez, Mohammed
245 ## - TITLE STATEMENT
Title Reasoning -II
Statement of responsibility, etc Mohammed Fayez, Alla Srinivasa Reddy, G. Sita Ram...etc.
260 ## - PUBLICATION, DISTRIBUTION, ETC. (IMPRINT)
Name of publisher, distributor, etc Spectrum Publication
Place of publication, distribution, etc Hyderbad
Date of publication, distribution, etc 2019
270 ## - ADDRESS
City 2019
Address 326/c, IIIrd Floor, Surneni Nilayam, Near B K Guda Park, S R Nagar
Postal code 500038
300 ## - PHYSICAL DESCRIPTION
Extent 248p.
Dimensions 22cm (pbk)
700 ## - ADDED ENTRY--PERSONAL NAME
Personal name Alla Srinivasa Reddy
700 ## - ADDED ENTRY--PERSONAL NAME
Personal name G. Sita Ram
700 ## - ADDED ENTRY--PERSONAL NAME
Personal name K.S.V. Prasad
942 ## - ADDED ENTRY ELEMENTS (KOHA)
Institution code [OBSOLETE] dpl
Item type English Books
Source of classification or shelving scheme Dewey Decimal Classification
Classification part 000
Call number suffix REA
Holdings
Withdrawn status Lost status Not for loan Collection code Home library Current library Date acquired Source of acquisition Cost, normal purchase price Full call number Barcode Copy number Cost, replacement price Koha item type
      Non-fiction Shahdara Branch Shahdara Branch 16/12/2021 DBAD/PUB 217.00 000 REA EN-113908 1 217.00 English Books

© Delhi Public Library
Hit Counter
free hit counter